00482 a2200145 450000500170000000800410001702000150005804000440007304100080011710000210012524500900014626000530023654600230028965000240031220190806102633.0190523s1987 xxc||||| |||| 00| 0 fre d a2890373622 aCO-BoUCMbspacSaul NiñodSaul Niño afre aMoniére, Denis aIntroduction aux systemes socialistes de Vilfredo ParetocDenis Moniere, Jean H. Guay aMontrealbBibliotheque Nationale du Quebecc1987 aTexto en fránces 7aCiencia política